Adivinhe o jogador pela foto - Statistics

Estatísticas Gerais
  • Esse quiz foi jogado 27 vezes
  • A pontuação média é 27 de 52
Estatísticas das Respostas
Imagem Resposta % Correto
de gea
95%
diego costa
86%
umtiti
86%
godin
77%
pedro
77%
draxler
73%
falcao
73%
fellaini
73%
mandzukic
73%
otamendi
73%
sanchez
73%
zanetti
73%
juan mata
68%
azpilicueta
64%
david silva
64%
dzeko
64%
peter crouch
64%
ramires
64%
lingard
59%
mertens
59%
insigne
55%
joe hart
55%
kovacic
55%
matuidi
55%
shaw
55%
smalling
55%
bartra
50%
kurzawa
50%
bellerin
45%
campbell
45%
larsson
45%
mathieu
45%
milner
45%
terry
45%
bacca
41%
nakata
41%
vidic
41%
young
41%
arnautovic
36%
hierro
36%
kluivert
36%
pukki
36%
walcott
36%
guti
32%
kagawa
32%
naldo
32%
sturridge
32%
van nistelrooy
32%
dembele
27%
lineker
27%
stam
27%
ben arfa
23%
Nenhum quiz correspondente encontrado
Distribuição das Pontuações
Porcentagem de Pessoas com Cada Pontuação
Percentil de Números Respondidos
Sua Pontuação Histórica
Você não jogou esse quiz